Project Agreement (Additional Financing for Energy Development and Access Project) between International Development Association and Electricity Company of Ghana Limited, 2015 (Record no. 4133)
[ view plain ]
| 000 -LEADER | |
|---|---|
| fixed length control field | 00742nam a22001697a 4500 |
| 003 - CONTROL NUMBER IDENTIFIER | |
| control field | OSt |
| 005 - DATE AND TIME OF LATEST TRANSACTION | |
| control field | 20240705112208.0 |
| 008 - FIXED-LENGTH DATA ELEMENTS--GENERAL INFORMATION | |
| fixed length control field | 240705b |||||||| |||| 00| 0 eng d |
| 041 ## - LANGUAGE CODE | |
| Language code of text/sound track or separate title | English |
| 082 ## - DEWEY DECIMAL CLASSIFICATION NUMBER | |
| Classification number | Class No. PM/ECGL/15 Acc No. 9020 |
| 110 ## - MAIN ENTRY--CORPORATE NAME | |
| Corporate name or jurisdiction name as entry element | Ministry of Energy |
| 245 ## - TITLE STATEMENT | |
| Title | Project Agreement (Additional Financing for Energy Development and Access Project) between International Development Association and Electricity Company of Ghana Limited, 2015 |
| 260 ## - PUBLICATION, DISTRIBUTION, ETC. | |
| Place of publication, distribution, etc. | Accra: |
| Name of publisher, distributor, etc. | Ministry of Energy, |
| Date of publication, distribution, etc. | 2015 |
| 300 ## - PHYSICAL DESCRIPTION | |
| Extent | [8p.;] |
| 653 ## - INDEX TERM--UNCONTROLLED | |
| Uncontrolled term | 1. Project Agreement 2. International Development Association 3. Electricity Company of Ghana Limited 4 Additional financing for Energy Development and Access Project |
| 942 ## - ADDED ENTRY ELEMENTS (KOHA) | |
| Source of classification or shelving scheme | Dewey Decimal Classification |
| Koha item type | Agreements |
| Suppress in OPAC | No |
No items available.